| 000 | 00978nam a2200253Ia 4500 | ||
|---|---|---|---|
| 003 | OSt | ||
| 005 | 20220930194746.0 | ||
| 006 | a|||||r|||| 00| 0 | ||
| 007 | ta | ||
| 008 | 220926b |||||||| |||| 00| 0 eng d | ||
| 024 | _a13174 | ||
| 037 | _cDissertations | ||
| 040 |
_aCRL _cCRL _beng |
||
| 041 |
_2eng _aeng |
||
| 100 |
_aThapar Rajeev Kumar _9563567 |
||
| 110 | _aUniversity of Delhi. Faculty of Medical Sciences. Department of Paediatrics | ||
| 245 | 0 | _aComparative evaluation of enzyme linked immunosorbent assay (ELISA) and latex particle agglutination in serum and cerebrospinal fluid in early diagnosis of central nervous system tuberculosis in paediatric age group | |
| 260 | _c1996 | ||
| 650 | _aCHILDREN - DISEASES | ||
| 700 |
_a Dr R Nath Supervisor _9531238 |
||
| 700 | _aUniversity of Delhi. Faculty of Medical Sciences. Department of Paediatrics | ||
| 942 |
_cDIS _2CC |
||
| 999 |
_c898107 _d898107 |
||